|
|
|
|
| LEADER |
01151naa a2200265 i 4500 |
| 001 |
publ26570 |
| 005 |
20230222184944.0 |
| 008 |
230222s2015 hu o 0|| Magyar d |
| 020 |
|
|
|a 9789639911802
|
| 024 |
7 |
|
|a 10.55722/Arpad.Kiad.2015.4_08
|2 doi
|
| 024 |
7 |
|
|a 33284596
|2 mtmt
|
| 040 |
|
|
|a SZTE Publicatio Repozitórium
|b hun
|
| 041 |
|
|
|a Magyar
|
| 100 |
1 |
|
|a Marcsik Antónia
|
| 245 |
1 |
0 |
|a Honfoglalás kori csontmaradványok a Duna–Tisza köze déli területéről (Szeged-Algyő, Sándorfalva-Eperjes)
|h [elektronikus dokumentum] /
|c Marcsik Antónia
|
| 260 |
|
|
|a Pázmány Péter Katolikus Egyetem BTK
|b Budapest
|c 2015
|
| 300 |
|
|
|a 42
|
| 300 |
|
|
|a 377-418
|
| 490 |
0 |
|
|a Régészeti és természettudományi adatok a Maros-torkolat nyugati oldalának 10. századi történetéhez
|
| 650 |
|
4 |
|a Biológiai tudományok
|
| 650 |
|
4 |
|a Történettudomány és régészet
|
| 700 |
0 |
1 |
|a Just Zsuzsanna
|e aut
|
| 700 |
0 |
1 |
|a Szalai Ferenc
|e aut
|
| 856 |
4 |
0 |
|u http://publicatio.bibl.u-szeged.hu/26570/1/marcsik_et_al_2015.pdf
|z Dokumentum-elérés
|
| 856 |
4 |
0 |
|u http://publicatio.bibl.u-szeged.hu/26570/7/26512543_c%C3%ADmlap_tartalom.pdf
|z Dokumentum-elérés
|